000 00374nam a22001577a 4500
003 SGT
020 _a978-8186809631
082 _a617.632
_bT18D
100 _a DAMLE, S.G.
245 _aTEXTBOOK OF PEDIATRIC DENTISTRY
250 _a5TH
260 _aNEW DELHI
_bArya Medi Publishing House
_c2018
300 _a1248
650 _a PEDIATRIC DENTISTRY
942 _2ddc
_cBK
_05
999 _c15599
_d15599